000 00331nam a2200133Ia 4500
008 240624s9999 xx 000 0 und d
041 _aeng
082 _a330.019 COR
100 _aCORR PHILIP
245 _aBEHAVIORAL ECONOMICS THE BASICS
260 _c2019
_aLondon
_bRoutledge
300 _ax, 249 p.; 17 cm.
365 _cBPS
_b35
999 _c31473
_d31473